000 00450nam a2200145Ia 4500
005 20250617025348.0
008 240331s9999 xx 000 0 und d
082 _bJAY
_a305
100 _aJayawardena, K
245 0 _aDr. Mary Ratnam :
_ba Canadian pioneer for women's rights in Sri Lanka
260 _aColombo
_bSocial Scientists Assosiaction
_c1993
300 _a47 p .,
500 _aA Canadian pioneer for women's rights in Sri Lanka
942 _cL
999 _c5484
_d5484